Statistics for Figures From the 19th century

Click here to take the quiz!

General Stats

  • This quiz has been taken 1,529 times
    (1,528 since last reset)
  • The average score is 12 of 20

Answer Stats

HintAnswer% Correct
Discovered EvolutionCharles Darwin
99%
British Queen for majority of the CenturyQueen Victoria
96%
Father of CommunismKarl Marx
95%
French Emperor who nearly achieved hegemony of EuropeNapoleon Bonaparte
89%
Invented the TelephoneAlexander Graham Bell
84%
Wrote Pride and PrejudiceJane Austen
82%
Famous Nursing pioneer from Crimean WarFlorence Nightengale
75%
Kaiser who under who Germany was unitedWilliam 1st
74%
Dutch 'Sunflower' artistVincent van Gogh
73%
Emancipation ProclamationAbraham Lincoln
70%
Confederate general of the army of north VirginiaRobert E Lee
69%
Most celebrated British Romantic poetLord Byron
54%
Scottish-American Steel magnateAndrew Carnegie
42%
"Dr. Livingstone I presume?"Henry Morton Stanley
39%
Harpers Ferry AbolitionistJohn Brown
37%
Significant role in uniting ItalyGiuseppe Garibaldi
34%
British philosopher famous for utilitarian ideas and writing 'On Liberty'John Stuart Mill
31%
Founder of De Beers mining CompanyCecil Rhodes
16%
Discovered that Cholera was a water borne diseaseJohn Snow
9%
Economist whose studies on free trade helped repeal the British Corn lawsDavid Ricardo
6%

Score Distribution

Percentile by Number Answered

Percent of People with Each Score

Your Score History

You have not taken this quiz since the last reset